000 00991nam a22003017a 4500
003 CHAP
005 20220329140400.0
008 971013s1971 r 00010 d
010 _a51178
011 _a52150
035 _a56300
040 _cCHAP
082 _a631.42
_bW3
100 0 0 _aWalsh, Leo M.
_9120962
245 _aInstrumental methods for analysis of soils and plant tissue
260 _aMadison :
_bSoil Science Society of America,
_c1971
300 _a222 p.
_b: ilus.
590 _aBATCH-UPD
_b10
_c20130110
_lUCH01
_h1920
590 _aBATCH-UPD
_b10
_c20130410
_lUCH01
_h1246
590 _aBATCH-UPD
_b10
_c20130914
_lUCH01
_h1951
590 _aCONVERSION
_b10
_c20130109
_lUCH01
_h1328
650 1 4 _aQuímica vegetal.
_993602
650 1 4 _aSuelos
_xAnálisis.
_9110204
901 _aBK
942 _cLIBRO
949 _a631.42 W3
_bBC
_cLIBRO
_d33724000067286
_eLIBRO
_fc.2
_h17227
_i56300
_si
_t98.00
949 _a631.42 W3
_bBC
_cLIBRO
_d33724000605499
_eLIBRO
_h17226
_i56300
_si
_t98.00
999 _c51178
_d51178